Short-run effects of economic reforms in Eastern economics.

Úsilie reforiem v prechode na trhovú ekonomiku naráža na ťažkosti vyplývajúce z tvrdosti procesu prestavby plánovanej ekonomiky. Nutnosť peňažných reforiem na makroúrovni. Chovanie podnikateľov a zahraničných investorov.

Salvato in:
Dettagli Bibliografici
Autore principale: Lang, F.P
Natura: Capitolo di libro
Lingua:inglese
Soggetti:
Tags: Aggiungi Tag
Nessun Tag, puoi essere il primo ad aggiungerne!!

MARC

LEADER 00000naa a2200000 4500
001 r006571
005 20221130103346.8
041 0 |a eng 
044 |a DE 
245 1 0 |a Short-run effects of economic reforms in Eastern economics.  |c F.P. Lang 
520 |a Úsilie reforiem v prechode na trhovú ekonomiku naráža na ťažkosti vyplývajúce z tvrdosti procesu prestavby plánovanej ekonomiky. Nutnosť peňažných reforiem na makroúrovni. Chovanie podnikateľov a zahraničných investorov. 
610 2 0 |a reformy hospodárske 
610 2 0 |a východná Európa 
610 2 0 |a ceny 
610 2 0 |a privatizácia 
610 2 0 |a kapitál zahraničný 
610 2 0 |a hospodárstvo trhové 
100 1 |a Lang, F.P.